LEADER 01015nam a2200253 i 4500 001 000000058426 003 CaOOAMICUS 005 20121026000000.0 008 121026s1967 it u000 u ita u 013 $a29598 040 $aSeMil$bita 100 1 $aOlivecrona, Karl.$0(OLS)http://semarc/name/29781 240 10$aLaw as fact.$0(OLS)http://semarc/title/91078 245 13$aIl diritto come fatto /$cKarl Olivecrona ; a cura di Silvana Castignone. 260 $aMilano :$bGiuffrè,$c1967. 300 $aXVII, 172 p. ;$c22 cm. 490 0 $aCiviltà del diritto ;$v17 650 4$aDiritto.$0(OLS)http://semarc/subject/1609 700 1 $aCastignone, Silvana.$0(OLS)http://semarc/name/29782 830 0$aCiviltà del diritto ;$v17.$0(OLS)http://semarc/title/32679 850 $aSeMil 852 $aSeMil$W1$xVenegono$y1$m2J I 165$j24579$B24579$CSeMilBibl$Z2$F24582 $81 996 $6245$aIl diritto come fatto$9(OLS)http://semarc/title/91077 996 $6260$aMilano :$bGiuffrè$9(OLS)http://semarc/publisher/29926 LEADER 01290nam a2200289 i 4500 001 000000072296 003 CaOOAMICUS 005 20140818000000.0 008 140818s1997 xx u000 u eng u 013 $a43468 020 $a0-567-08589-9 040 $aSeMil$bita 100 1 $aHartman, Lars.$0(OLS)http://semarc/name/35807 245 10$a"Into the Name of the Lord Jesus" :$bBaptism in the Early Church /$cLars Hartman. 260 $aEdinburgh :$bT&T Clark,$ccopyr. 1997. 300 $ax, 214 p. ;$c23 cm. 490 0 $aStudies of the New Testament and Its World 500 $aContiene : Bibliography. 650 4$aBattesimo - Storia.$0(OLS)http://semarc/subject/800 650 4$aBibbia. Nuovo Testamento - Commentari, studi, critica, interpretazioni.$0(OLS)http://semarc/subject/184 830 0$aStudies of the New Testament and Its World.$0(OLS)http://semarc/title/41288 850 $aSeMil 852 $aSeMil$W1$xVenegono$y1$m2Z III 57$j38449$B38449$CSeMilBibl$Z2$F38452 $81 961 $aAcquisto: Casa editrice 996 $6020$a0-567-08589-9$9(OLS)http://semarc/number/51586 996 $6245$a"Into the Name of the Lord Jesus" :$bBaptism in the Early Church$9(OLS)http://semarc/title/116500 996 $6260$aEdinburgh :$bT&T Clark$9(OLS)http://semarc/publisher/37824